000 00359 a2200157 4500
001 73707
020 _a850104880-1
040 _cAnchieta - Colégio São Paulo
100 _aAndrade, Carlos Drummond de
240 1 0 _aA palavra mágica
_lpor
245 1 0 _aA palavra mágica
300 _a136
362 0 _a2003
650 4 _aPoesia brasileira
942 _cBK
999 _c73707
_d73707